Les chroniques de Zar'a Yâeqôb et de Ba'eda Mâryâm, rois d'Éthiopie de 1434 à 1478 (Record no. 153128)

MARC details
000 -LEADER
campo de control de longitud fija 01213nam a2200253 i 4500
001 - NÚMERO DE CONTROL
campo de control 153128
003 - IDENTIFICADOR DE NÚMERO DE CONTROL
campo de control ES-MaACL
005 - FECHA Y HORA DE LA ÚLTIMA TRANSACCIÓN
campo de control 20251003190324.0
008 - DATOS DE LONGITUD FIJA--INFORMACIÓN GENERAL
campo de control de longitud fija 051004s1893 fr |||| | fre d
040 ## - FUENTE DE CATALOGACIÓN
Centro catalogador/agencia de origen CAM
Lengua de catalogación spa
Centro/agencia transcriptor CAM
245 04 - MENCIÓN DEL TÍTULO
Título Les chroniques de Zar'a Yâeqôb et de Ba'eda Mâryâm, rois d'Éthiopie de 1434 à 1478
Resto del título : (texte éthiopien et traduction) /
Mención de responsabilidad, etc. précédées d'une introduction, par Jules Perruchon.
260 ## - PUBLICACIÓN, DISTRIBUCIÓN, ETC.
Lugar de publicación, distribución, etc. Paris :
Nombre del editor, distribuidor, etc. Émile Bouillon,
Fecha de publicación, distribución, etc. 1893 (
Fabricante Imp. Polyglotte A. Lanier et ses fils)
300 ## - DESCRIPCIÓN FÍSICA
Extensión XL, 206 p., [1] h. pleg. ;
Dimensiones 24 cm.
490 1# - MENCIÓN DE SERIE
Mención de serie Bibliothèque de l'ecole pratique des hautes etudes.
-- Sciences philologiques et historiques ;
Designación de volumen o secuencia 93
546 ## - NOTA DE IDIOMA
Nota de lengua/lenguaje Texto en francés y etíope.
600 07 - PUNTO DE ACCESO ADICIONAL DE MATERIA--NOMBRE DE PERSONA
Nombre de persona Constantino
Numeración I,
Títulos y otros términos asociados al nombre Emperador de Etiopía,
Fechas asociadas al nombre 1434-1468
Fuente del encabezamiento o término
9 (RLIN) 162862
600 04 - PUNTO DE ACCESO ADICIONAL DE MATERIA--NOMBRE DE PERSONA
Nombre de persona Baeda Mariam
Numeración I
Títulos y otros términos asociados al nombre Emperador de Etiopía (
Fechas asociadas al nombre 1468-1478)
9 (RLIN) 162863
651 #4 - PUNTO DE ACCESO ADICIONAL DE MATERIA--NOMBRE GEOGRÁFICO
Nombre geográfico Etiopía-
Subdivisión general Historia-
Subdivisión cronológica Hasta 1490.
9 (RLIN) 162864
700 1# - ENTRADA AGREGADA--NOMBRE PERSONAL
Nombre de persona Perruchon, Jules.
9 (RLIN) 131052
752 ## - ENTRADA AGREGADA--NOMBRE JERÁRQUICO DEL LUGAR
País o entidad superior Francia -
Ciudad París
830 00 - PUNTO DE ACCESO ADICIONAL DE SERIE-TÍTULO UNIFORME
Título uniforme Bibliothèque de l'École des Hautes Études. Sciences historiques et philologiques
Designación de volumen o secuencia 93
9 (RLIN) 229685
852 ## - LOCALIZACIÓN
Ubicación ES-MaACL
Número de control de estantería C-7614
Nota libre - Enc. hol.
Holdings
Estatus retirado Estado de pérdida Estado de daño No para préstamo Colección Biblioteca de origen Biblioteca actual Ubicación en estantería Fecha de adquisición Fuente de adquisición Total de préstamos Signatura topográfica completa Código de barras Visto por última vez Precio de reemplazo Tipo de ítem Koha
        Libros del s. XIX Biblioteca del Ateneo de Madrid Biblioteca del Ateneo de Madrid Sala Palomar 17/01/2008     C-7614 1159998 23/02/2023 23/02/2023 Libro impreso antiguo